000 00464nam a2200157 i 4500
001 75594
003 ES-MaACL
005 20230906172522.0
007 t|
008 040927s1916 ag ||||1| spa d
100 1 _aGroussac, Paul.
_960209
245 1 0 _aMendoza y Garay
_b: las dos fundaciones de Buenos Aires : 1536-1580 /
_cPaul Groussac.
260 _aBuenos Aires :
_b[Coni Hermanos],
_c1916.
300 _aXXXI, 546 p. ;
_c23 cm.
852 _aES-MaACL
_jF-5502
999 _c75594
_d75594